00443nam a2200157Ia 4500008004100000040001900041041001200060082002700072100002600099245005800125260002500183300001800208504001900226650002500245850001500270131103s9999 xx 000 0 und d aLoreto College aEnglish a372.21/CHEbLCBED/1564 aChesters, Gewndolen E 4aThe mothering of toung childrencGwendolen E.Chesters aLondonbFaberc[19?] a82p. c 17cm. aIncludes index aElementary education aLCBED/1564